<?xml version="1.0" encoding="UTF-8"?>
<record
    xmlns:xsi="http://www.w3.org/2001/XMLSchema-instance"
    xsi:schemaLocation="http://www.loc.gov/MARC21/slim http://www.loc.gov/standards/marcxml/schema/MARC21slim.xsd"
    xmlns="http://www.loc.gov/MARC21/slim">

  <leader>01229nam0a22003131  4500</leader>
  <controlfield tag="001">rc\80920</controlfield>
  <controlfield tag="005">20260406051951.0</controlfield>
  <datafield tag="010" ind1=" " ind2=" ">
    <subfield code="d">&#x411;.&#x446;.</subfield>
    <subfield code="9">2000</subfield>
  </datafield>
  <datafield tag="021" ind1=" " ind2=" ">
    <subfield code="a">RU</subfield>
    <subfield code="b">96-4395</subfield>
  </datafield>
  <datafield tag="035" ind1=" " ind2=" ">
    <subfield code="a">(NLR Aleph) 005350561</subfield>
  </datafield>
  <datafield tag="090" ind1=" " ind2=" ">
    <subfield code="a">6792222</subfield>
    <subfield code="c">6792222</subfield>
  </datafield>
  <datafield tag="100" ind1=" " ind2=" ">
    <subfield code="a">20021216d1995    |||y0rusy50      ca</subfield>
  </datafield>
  <datafield tag="101" ind1="0" ind2=" ">
    <subfield code="a">rus</subfield>
  </datafield>
  <datafield tag="102" ind1=" " ind2=" ">
    <subfield code="a">RU</subfield>
  </datafield>
  <datafield tag="105" ind1=" " ind2=" ">
    <subfield code="a">c z||||||||</subfield>
  </datafield>
  <datafield tag="200" ind1="1" ind2=" ">
    <subfield code="a">&#x41F;&#x43B;&#x430;&#x43D;&#x435;&#x442;&#x430; &#x43B;&#x44E;&#x431;&#x432;&#x438;</subfield>
    <subfield code="e">(&#x438;&#x437; &#x437;&#x430;&#x43F;&#x438;&#x441;&#x43E;&#x43A; &#x43E;&#x445;&#x43E;&#x442;&#x43D;&#x438;&#x43A;&#x430; &#x41E;&#x431;&#x441;&#x43A;&#x43E;&#x433;&#x43E; &#x421;&#x435;&#x432;&#x435;&#x440;&#x430;)</subfield>
    <subfield code="f">&#x41D;.&#x411;. &#x41F;&#x430;&#x442;&#x440;&#x438;&#x43A;&#x435;&#x435;&#x432;</subfield>
  </datafield>
  <datafield tag="210" ind1=" " ind2=" ">
    <subfield code="a">&#x41C;&#x43E;&#x441;&#x43A;&#x432;&#x430;</subfield>
    <subfield code="c">&#x431;.&#x438;.</subfield>
    <subfield code="d">1995</subfield>
  </datafield>
  <datafield tag="215" ind1=" " ind2=" ">
    <subfield code="a">99, [1] &#x441;.</subfield>
    <subfield code="c">&#x43F;&#x43E;&#x440;&#x442;&#x440;.</subfield>
    <subfield code="d">20</subfield>
  </datafield>
  <datafield tag="225" ind1="1" ind2=" ">
    <subfield code="a">&#x411;&#x438;&#x431;&#x43B;&#x438;&#x43E;&#x442;&#x435;&#x447;&#x43A;&#x430; &#x432;&#x441;&#x435;&#x440;&#x43E;&#x441;&#x441;&#x438;&#x439;&#x441;&#x43A;&#x43E;&#x433;&#x43E; &#x436;&#x443;&#x440;&#x43D;&#x430;&#x43B;&#x430; "&#x42F;&#x43C;&#x430;&#x43B;&#x44C;&#x441;&#x43A;&#x438;&#x439; &#x43C;&#x435;&#x440;&#x438;&#x434;&#x438;&#x430;&#x43D;"</subfield>
  </datafield>
  <datafield tag="517" ind1="1" ind2=" ">
    <subfield code="a">&#x418;&#x437; &#x437;&#x430;&#x43F;&#x438;&#x441;&#x43E;&#x43A; &#x43E;&#x445;&#x43E;&#x442;&#x43D;&#x438;&#x43A;&#x430; &#x41E;&#x431;&#x441;&#x43A;&#x43E;&#x433;&#x43E; &#x421;&#x435;&#x432;&#x435;&#x440;&#x430;</subfield>
    <subfield code="z">rus</subfield>
  </datafield>
  <datafield tag="606" ind1="1" ind2=" ">
    <subfield code="a">&#x41E;&#x445;&#x43E;&#x442;&#x430; &#x441;&#x43E; &#x441;&#x43F;&#x430;&#x43D;&#x438;&#x435;&#x43B;&#x435;&#x43C;</subfield>
    <subfield code="y">&#x421;&#x438;&#x431;&#x438;&#x440;&#x44C; &#x421;&#x435;&#x432;&#x435;&#x440;&#x43E;-&#x417;&#x430;&#x43F;&#x430;&#x434;&#x43D;&#x430;&#x44F;</subfield>
    <subfield code="9">2080536</subfield>
    <subfield code="3">RU\NLR\AUTH\661256476</subfield>
  </datafield>
  <datafield tag="686" ind1="0" ind2=" ">
    <subfield code="a">&#x41F;711.524(2&#x420;53)</subfield>
    <subfield code="2">rubbk</subfield>
  </datafield>
  <datafield tag="700" ind1=" " ind2="1">
    <subfield code="8">rus</subfield>
    <subfield code="7">ca</subfield>
    <subfield code="a">&#x41F;&#x430;&#x442;&#x440;&#x438;&#x43A;&#x435;&#x435;&#x432;</subfield>
    <subfield code="b">&#x41D;. &#x411;.</subfield>
    <subfield code="f">1932 -</subfield>
    <subfield code="g">&#x41D;&#x43E;&#x432;&#x43E;&#x43C;&#x438;&#x440; &#x411;&#x43E;&#x440;&#x438;&#x441;&#x43E;&#x432;&#x438;&#x447;</subfield>
    <subfield code="3">RU\NLR\AUTH\777096</subfield>
    <subfield code="9">117035</subfield>
  </datafield>
  <datafield tag="801" ind1=" " ind2="0">
    <subfield code="a">RU</subfield>
    <subfield code="b">NLR</subfield>
    <subfield code="g">psbo</subfield>
  </datafield>
  <datafield tag="801" ind1=" " ind2="1">
    <subfield code="a">RU</subfield>
    <subfield code="b">ELAR</subfield>
    <subfield code="2">rusmarc</subfield>
  </datafield>
  <datafield tag="801" ind1=" " ind2="2">
    <subfield code="a">RU</subfield>
    <subfield code="b">NLR</subfield>
    <subfield code="c">20170309</subfield>
    <subfield code="2">rusmarc</subfield>
  </datafield>
  <datafield tag="852" ind1=" " ind2=" ">
    <subfield code="a">NLR</subfield>
    <subfield code="j">96-4/14709</subfield>
  </datafield>
  <datafield tag="942" ind1=" " ind2=" ">
    <subfield code="c">BOOK</subfield>
  </datafield>
  <datafield tag="980" ind1=" " ind2=" ">
    <subfield code="a">NB</subfield>
  </datafield>
  <datafield tag="995" ind1=" " ind2=" ">
    <subfield code="5">2013-10-26</subfield>
    <subfield code="b">NLR01</subfield>
    <subfield code="c">NLR01</subfield>
    <subfield code="e">RF8</subfield>
    <subfield code="f">5350561-10</subfield>
    <subfield code="k">96-4/14709</subfield>
    <subfield code="o">0</subfield>
    <subfield code="r">BOOK</subfield>
    <subfield code="s">96414709_</subfield>
  </datafield>
</record>
